Statistics for Former Flags of Serbia

Click here to take the quiz!

General Stats

  • This quiz has been taken 50 times
  • The average score is 5 of 12

Answer Stats

Answer% Correct
Republic of Serbia
100%
Kingdom of Serbia
66%
Kingdom of Serbia
66%
Serbian Empire
63%
Serbia & Montenegro
49%
Kingdom of Yugoslavia
37%
Socialist Republic of Serbia
31%
Principality of Serbia
23%
Habsburg Serbia
20%
Revolutionary Serbia
20%
Government of National Salvation
17%
Yugoslav Partizans
17%

Score Distribution

Percentile by Number Answered

Percent of People with Each Score

Your Score History

You have not taken this quiz